[Event "Benevoles"]
[Site "Gatineau CAN"]
[Date "2014.09.23"]
[Round "3"]
[White "Gagnon, Fabien"]
[Black "Laferriere, Bruno"]
[Result "1/2-1/2"]
[WhiteElo "1931"]
[BlackElo "1858"]
[PlyCount "81"]
[EventDate "2014.09.09"]
[EventType "swiss"]
[EventRounds "5"]
[EventCountry "CAN"]

1. Nf3 c5 2. g3 Nc6 3. Bg2 Nf6 4. O-O g6 5. c3 Bg7 6. d4 cxd4 7. cxd4 d5 8. Nc3
O-O 9. Ne5 e6 10. Nxc6 bxc6 11. Na4 Nd7 12. Bf4 Qe7 13. Rc1 g5 14. Be3 Bb7 15.
Qd2 f6 16. Bh3 h6 17. Rc2 f5 18. f4 g4 19. Bg2 a5 20. a3 Rfb8 21. Rfc1 Ba6 22.
Bf2 Bb5 23. Nc5 Nb6 24. e3 Nc4 25. Qe1 a4 26. Bf1 Qd6 27. Bxc4 Bxc4 28. Qd2 Bf6
29. Nd3 Rb3 30. Nc5 Rb6 31. Be1 Kf7 32. Qf2 Qd8 33. Bb4 Rb5 34. Qd2 Qc8 35. Rc3
Be7 36. Qd1 Bxc5 37. dxc5 Bb3 38. Qd4 Qh8 39. Rd3 h5 40. Bc3 Qxd4 41. Bxd4
1/2-1/2

[Event "Benevoles"]
[Site "Gatineau CAN"]
[Date "2014.09.30"]
[Round "5"]
[White "Desjardins, Michel"]
[Black "Boucher, Antoni"]
[Result "1/2-1/2"]
[WhiteElo "1875"]
[BlackElo "1951"]
[PlyCount "49"]
[EventDate "2014.09.09"]
[EventType "swiss"]
[EventRounds "5"]
[EventCountry "CAN"]

1. e4 c6 2. d4 d5 3. exd5 cxd5 4. Bd3 Nf6 5. c3 e6 6. Bf4 Nc6 7. Nf3 Be7 8.
Nbd2 Bd7 9. O-O O-O 10. Re1 a6 11. Ne5 b5 12. a3 Qb6 13. Qf3 a5 14. Qh3 Ra7 15.
Bg5 g6 16. Qh4 Qd8 17. Nxd7 Nxd7 18. Bxe7 Nxe7 19. Bxb5 Qb6 20. Bxd7 Rxd7 21.
Rab1 Rb7 22. Nf3 Nf5 23. Qf6 Rfb8 24. Ne5 Nd6 25. Ng4 1/2-1/2

[Event "Benevoles U1500"]
[Site "Gatineau CAN"]
[Date "2014.09.09"]
[Round "1"]
[White "Ethier, Valori"]
[Black "Traversy, Pierre"]
[Result "1-0"]
[WhiteElo "1352"]
[BlackElo "1201"]
[PlyCount "58"]
[EventDate "2014.09.09"]
[EventType "swiss"]
[EventRounds "5"]
[EventCountry "CAN"]

1. e4 e5 2. Bc4 Nf6 3. d4 Bd6 4. Nf3 O-O 5. dxe5 Bb4+ 6. c3 Re8 7. cxb4 Nxe4 8.
Qd5 Nxf2 9. Qxf7+ Kh8 10. Kxf2 Rf8 11. Bg5 Qe8 12. Qxe8 Rxe8 13. Nc3 c6 14.
Rae1 b5 15. Bb3 Bb7 16. Rhf1 Na6 17. a3 Nc7 18. Rd1 Ne6 19. Rxd7 Bc8 20. Re7
Rxe7 21. Bxe7 Nf4 22. Rd1 Bf5 23. Ne1 Ng6 24. Bd6 a6 25. g3 h6 26. Nf3 Bg4 27.
Bf7 Kh7 28. e6 Ra7 29. Bxg6+ Kxg6 1-0

[Event "Benevoles U1500"]
[Site "Gatineau CAN"]
[Date "2014.09.09"]
[Round "1"]
[White "Lemieux, Denis"]
[Black "Dupont-Mageau, Nicolas"]
[Result "1-0"]
[WhiteElo "1475"]
[BlackElo "1237"]
[PlyCount "51"]
[EventDate "2014.09.09"]
[EventType "swiss"]
[EventRounds "5"]
[EventCountry "CAN"]

1. d4 Nf6 2. c4 e6 3. Nc3 Bb4 4. a3 Bxc3+ 5. bxc3 d5 6. Bg5 h6 7. Bh4 g5 8. Bg3
dxc4 9. Qa4+ Nc6 10. Qxc4 Qd5 11. Qd3 Ne4 12. e3 e5 13. Ne2 f5 14. f3 Nc5 15.
Qc2 Nb3 16. Rb1 Be6 17. e4 fxe4 18. fxe4 Qb5 19. d5 O-O-O 20. Qxb3 Qxb3 21.
Rxb3 Na5 22. Rb5 Nc4 23. dxe6 Ne3 24. Rb1 Rhf8 25. Nc1 Rxf1+ 26. Rxf1 1-0

[Event "Benevoles U1500"]
[Site "Gatineau CAN"]
[Date "2014.09.09"]
[Round "1"]
[White "Pouliot, Francois"]
[Black "Menard, Marc"]
[Result "0-1"]
[WhiteElo "1237"]
[BlackElo "1417"]
[PlyCount "69"]
[EventDate "2014.09.09"]
[EventType "swiss"]
[EventRounds "5"]
[EventCountry "CAN"]

1. c4 e5 2. Nc3 Nf6 3. g3 d5 4. cxd5 Nxd5 5. Nxd5 Qxd5 6. Nf3 e4 7. Nh4 Be7 8.
Bg2 O-O 9. d3 f5 10. dxe4 Qxd1+ 11. Kxd1 fxe4 12. Bxe4 Rxf2 13. Be3 Rf8 14. Kc2
Nd7 15. Nf5 Bc5 16. Raf1 Bxe3 17. Nxe3 Nf6 18. Bd5+ Nxd5 19. Nxd5 Bf5+ 20. Kc1
Rae8 21. Nc3 Bh3 22. Rxf8+ Kxf8 23. Re1 Re5 24. e4 c6 25. Kd2 Ke7 26. b4 a5 27.
a3 axb4 28. axb4 Kd6 29. Ke3 g5 30. Rd1+ Ke7 31. Rd2 Bf1 32. Ne2 Rb5 33. Nc3
Rxb4 34. Rd4 Rb3 35. Kd2 0-1

[Event "Benevoles U1500"]
[Site "Gatineau CAN"]
[Date "2014.09.09"]
[Round "1"]
[White "Simard, Paul"]
[Black "Rose, Mike"]
[Result "0-1"]
[WhiteElo "1114"]
[BlackElo "1277"]
[PlyCount "54"]
[EventDate "2014.09.09"]
[EventType "swiss"]
[EventRounds "5"]
[EventCountry "CAN"]

1. f4 d5 2. e3 Nc6 3. Bb5 Bd7 4. Bxc6 Bxc6 5. Nf3 e6 6. b3 f6 7. O-O h6 8. Bb2
Qd7 9. Nc3 g5 10. fxg5 hxg5 11. h3 Nh6 12. Nd4 O-O-O 13. Rxf6 Bg7 14. Rf2 Bxd4
15. exd4 Nf5 16. Ne2 Rdg8 17. Nc3 Qh7 18. Qg4 Bd7 19. Re1 Qg6 20. a4 Rh4 21.
Qf3 g4 22. hxg4 Qh7 23. Kf1 Rhxg4 24. Ke2 Nxd4+ 25. Kd1 Nxf3 26. gxf3 Rg1 27.
Rff1 Qh1 0-1

[Event "Benevoles U1500"]
[Site "Gatineau CAN"]
[Date "2014.09.16"]
[Round "2"]
[White "Carabineanu, Marcel"]
[Black "Simard, Paul"]
[Result "0-1"]
[WhiteElo "1227"]
[BlackElo "1114"]
[PlyCount "100"]
[EventDate "2014.09.09"]
[EventType "swiss"]
[EventRounds "5"]
[EventCountry "CAN"]

1. Nf3 f5 2. Nc3 e6 3. d4 Bb4 4. Bd2 Nf6 5. a3 Bxc3 6. Bxc3 O-O 7. e3 b6 8. Bd3
Bb7 9. Qe2 d5 10. Ng5 Re8 11. h4 h6 12. Nh3 Nbd7 13. h5 Ne4 14. Bxe4 dxe4 15.
Nf4 Qg5 16. g3 Nf8 17. O-O-O a5 18. Qc4 Ba6 19. Qxc7 a4 20. d5 e5 21. Ng2 Be2
22. Rd2 Bf3 23. Rh2 Rac8 24. Qxb6 Nd7 25. Qb5 Nc5 26. d6 Red8 27. Bxe5 Nd3+ 28.
Kb1 Nxe5 29. Qxe5 Bxh5 30. c4 Bf7 31. c5 Qg6 32. Nf4 Qf6 33. Qxf6 gxf6 34. Rxh6
Rxc5 35. Rxf6 Rdc8 36. Rd1 Bb3 37. Rh1 Bc2+ 38. Ka1 Bb3 39. Ne2 Rc2 40. Rfh6
Kg7 41. d7 Rd8 42. Rh7+ Kf6 43. Nc3 Ke6 44. Rd1 Rxc3 45. bxc3 Bxd1 46. Kb2 Rxd7
47. Rxd7 Kxd7 48. Kc1 Be2 49. Kd2 Bc4 50. Ke1 Kd6 0-1

[Event "Benevoles U1500"]
[Site "Gatineau CAN"]
[Date "2014.09.16"]
[Round "2"]
[White "Menard, Marc"]
[Black "Ethier, Valori"]
[Result "1-0"]
[WhiteElo "1417"]
[BlackElo "1352"]
[PlyCount "107"]
[EventDate "2014.09.09"]
[EventType "swiss"]
[EventRounds "5"]
[EventCountry "CAN"]

1. e4 c6 2. d4 d5 3. Nc3 dxe4 4. Nxe4 Bf5 5. Ng3 Bg6 6. Nf3 e6 7. Ne5 Ne7 8.
Nxg6 Nxg6 9. c3 Nd7 10. Bd3 Bd6 11. O-O Qc7 12. Re1 Nf6 13. Kh1 O-O-O 14. Bd2
Rde8 15. b4 Bf4 16. a4 Bxd2 17. Qxd2 Qf4 18. Qe2 Ng4 19. Kg1 Qh6 20. Qxg4 Qd2
21. Bxg6 hxg6 22. Ne4 Qh6 23. Qg3 Rd8 24. Ng5 Rd7 25. Qh3 Qxh3 26. Nxh3 Rh5 27.
Nf4 Rh6 28. Re3 Rh4 29. Nxg6 fxg6 30. Rxe6 g5 31. Rae1 Rf4 32. Re8+ Kc7 33. Ra8
Kb6 34. Re5 Rd5 35. a5+ Ka6 36. Kf1 Rd7 37. Rxg5 Re4 38. Re5 Rf4 39. f3 Rh4 40.
h3 Rf4 41. Rae8 Rff7 42. Kf2 b5 43. axb6 Kxb6 44. g4 Rf4 45. R8e7 Rf7 46. Rxd7
Rxd7 47. f4 Rf7 48. f5 g6 49. Kg3 gxf5 50. Rxf5 Re7 51. Re5 Rf7 52. g5 Rf1 53.
Kg4 Rc1 54. Rc5 1-0

[Event "Benevoles U1500"]
[Site "Gatineau CAN"]
[Date "2014.09.16"]
[Round "2"]
[White "Traversy, Pierre"]
[Black "Pouliot, Francois"]
[Result "0-1"]
[WhiteElo "1201"]
[BlackElo "1237"]
[PlyCount "118"]
[EventDate "2014.09.09"]
[EventType "swiss"]
[EventRounds "5"]
[EventCountry "CAN"]

1. e4 c6 2. Nc3 d5 3. d4 dxe4 4. Bc4 Bf5 5. Nge2 e6 6. Be3 Nf6 7. h3 h6 8. Ng3
Bh7 9. Qd2 Nbd7 10. Be2 Bb4 11. a3 Ba5 12. b4 Bb6 13. Na4 Bc7 14. c4 Nb6 15.
Nc3 O-O 16. Qc2 Qe7 17. Na4 Rad8 18. Nxb6 Bxb6 19. Rd1 Rd7 20. Qc1 Bg6 21. c5
Bc7 22. Rd2 Bb8 23. O-O Rfd8 24. Qd1 Rc7 25. Nh5 Rcd7 26. Nxf6+ Qxf6 27. f4
exf3 28. Bxf3 Bf4 29. Qe1 Bxe3+ 30. Qxe3 Rxd4 31. Rxd4 Rxd4 32. Bxc6 Rd3 33.
Rxf6 Rxe3 34. Rxg6 fxg6 35. Bxb7 Rxa3 36. b5 Rb3 37. Ba6 Rc3 38. c6 Rc5 39. Kf2
e5 40. Ke3 Kf7 41. Ke4 Ke6 42. g3 g5 43. Bc8+ Kf6 44. Ba6 g6 45. g4 Ke6 46.
Bc8+ Kd6 47. Ba6 Rc4+ 48. Kd3 Kd5 49. Bb7 Rd4+ 50. Kc3 Kd6 51. Kc2 h5 52. Kc3
hxg4 53. hxg4 Rxg4 54. Kd3 Rf4 55. Ke3 g4 56. Bc8 g3 57. Bh3 g5 58. Ke2 g4 59.
Ke3 gxh3 0-1

[Event "Benevoles U1500"]
[Site "Gatineau CAN"]
[Date "2014.09.23"]
[Round "3"]
[White "Ethier, Valori"]
[Black "Arsenault, Yves"]
[Result "0-1"]
[WhiteElo "1352"]
[BlackElo "1529"]
[PlyCount "52"]
[EventDate "2014.09.09"]
[EventType "swiss"]
[EventRounds "5"]
[EventCountry "CAN"]

1. d4 Nf6 2. c4 e6 3. Nc3 Bb4 4. Bg5 d5 5. e3 O-O 6. Nf3 Nbd7 7. h3 b6 8. Be2
Bb7 9. O-O Be7 10. Rc1 c5 11. Rc2 Rc8 12. Bf4 dxc4 13. Bxc4 cxd4 14. Qxd4 Bc5
15. Qd3 Bxf3 16. gxf3 e5 17. Bh2 Rc6 18. Qe2 Re8 19. Rd1 Nh5 20. Ne4 Rg6+ 21.
Kh1 Qe7 22. Nxc5 Nxc5 23. Rd5 Re6 24. Rcd2 Nf6 25. e4 Nxd5 26. Bxd5 Rd6 0-1

[Event "Benevoles U1500"]
[Site "Gatineau CAN"]
[Date "2014.09.23"]
[Round "3"]
[White "Simard, Paul"]
[Black "Dupont-Mageau, Nicolas"]
[Result "1-0"]
[WhiteElo "1114"]
[BlackElo "1237"]
[PlyCount "45"]
[EventDate "2014.09.09"]
[EventType "swiss"]
[EventRounds "5"]
[EventCountry "CAN"]

1. f4 d5 2. e3 a6 3. b3 Nc6 4. Bb2 Nf6 5. Bd3 Bg4 6. Be2 Nb4 7. Bxf6 Bxe2 8.
Nxe2 exf6 9. Nd4 Bc5 10. O-O c6 11. a3 Qb6 12. axb4 Bxd4 13. c3 Bxe3+ 14. dxe3
Qxe3+ 15. Kh1 O-O 16. Rf3 Qe6 17. Nd2 Rfe8 18. Qg1 Re7 19. Nf1 Rae8 20. Ng3 h5
21. Nxh5 Qe1 22. Rxe1 Rxe1 23. Rf1 1-0

[Event "Benevoles U1500"]
[Site "Gatineau CAN"]
[Date "2014.09.30"]
[Round "4"]
[White "Menard, Marc"]
[Black "Simard, Paul"]
[Result "1-0"]
[WhiteElo "1417"]
[BlackElo "1114"]
[PlyCount "93"]
[EventDate "2014.09.09"]
[EventType "swiss"]
[EventRounds "5"]
[EventCountry "CAN"]

1. e4 e5 2. Nf3 d6 3. Bc4 Nf6 4. Nc3 b6 5. O-O Bb7 6. Re1 Be7 7. d4 Nbd7 8. a4
O-O 9. b4 a5 10. Ba3 b5 11. Bxb5 Nb6 12. bxa5 Rxa5 13. Bb4 Ra8 14. dxe5 Nfd7
15. exd6 cxd6 16. Bxd6 Bf6 17. e5 Be7 18. Bxe7 Qxe7 19. Bxd7 Qxd7 20. Qxd7 Nxd7
21. Rab1 Bc6 22. Rb4 Nc5 23. Rc4 Bxf3 24. Rxc5 Bg4 25. a5 Ra6 26. Nd5 Rfa8 27.
Ra1 Be6 28. Nc7 Bc8 29. Nxa8 Rxa8 30. f4 g6 31. Rd1 Bg4 32. Rd6 Rb8 33. a6 Rb1+
34. Kf2 Bf5 35. a7 Be4 36. Rd8+ Kg7 37. a8=Q Bxa8 38. Rxa8 Rb7 39. g4 Kh6 40.
Rc6 Rb4 41. Ke3 Rb1 42. Kf2 Rh1 43. Kg2 Re1 44. Ra7 Re2+ 45. Kg3 Re3+ 46. Kh4
Re4 47. Rxf7 1-0

[Event "Benevoles U1500"]
[Site "Gatineau CAN"]
[Date "2014.09.30"]
[Round "4"]
[White "Rose, Mike"]
[Black "Ethier, Valori"]
[Result "1/2-1/2"]
[WhiteElo "1277"]
[BlackElo "1352"]
[PlyCount "118"]
[EventDate "2014.09.09"]
[EventType "swiss"]
[EventRounds "5"]
[EventCountry "CAN"]

1. e4 c6 2. Nf3 d5 3. exd5 cxd5 4. d4 Nf6 5. Nc3 Bg4 6. Be2 Nc6 7. h3 Bxf3 8.
Bxf3 e6 9. O-O Bd6 10. Re1 O-O 11. a3 a6 12. Ne2 Rc8 13. c3 Re8 14. Bf4 Re7 15.
Qc2 Rec7 16. Rac1 Nb8 17. Qd2 Rc6 18. Ng3 Bxf4 19. Qxf4 Qd6 20. Qd2 Nbd7 21.
Re3 Nb6 22. Qd3 Nc4 23. Re2 Qf4 24. Rce1 Qd6 25. Nh5 Nxh5 26. Bxh5 Nxa3 27.
Bxf7+ Kxf7 28. Qf3+ Kg8 29. Rxe6 Qd7 30. Rxc6 Rxc6 31. bxa3 Rf6 32. Qh5 g6 33.
Qe2 Kf7 34. c4 dxc4 35. Qxc4+ Re6 36. Rxe6 Qxe6 37. Qc7+ Qe7 38. Qc4+ Kf6 39.
d5 Qe1+ 40. Kh2 Qxf2 41. d6 Qd2 42. Qh4+ g5 43. Qh6+ Ke5 44. Qxh7 Qf4+ 45. Kg1
Qe3+ 46. Kh2 Qf4+ 47. Kg1 Qe3+ 48. Kf1 Qc1+ 49. Kf2 Qd2+ 50. Kf3 Qf4+ 51. Ke2
Qc4+ 52. Kd1 Qf1+ 53. Kd2 Qxg2+ 54. Kc3 Qc6+ 55. Kb3 Qd5+ 56. Kb2 Qd4+ 57. Kb3
Qd5+ 58. Kb2 Qd4+ 59. Kb3 Qd5+ 1/2-1/2

[Event "Benevoles U1500"]
[Site "Gatineau CAN"]
[Date "2014.09.30"]
[Round "5"]
[White "Ethier, Valori"]
[Black "Bourbonnais, Luc"]
[Result "1-0"]
[WhiteElo "1352"]
[BlackElo "1221"]
[PlyCount "85"]
[EventDate "2014.09.09"]
[EventType "swiss"]
[EventRounds "5"]
[EventCountry "CAN"]

1. f4 f5 2. Nf3 g6 3. e3 Nf6 4. Nc3 Bg7 5. b3 O-O 6. Bb2 e6 7. Be2 d6 8. O-O
Nc6 9. a3 h6 10. h3 Ne4 11. Qe1 Qf6 12. Na4 e5 13. d3 Nc5 14. Nxc5 dxc5 15.
fxe5 Nxe5 16. Bxe5 Qb6 17. Bxg7 Kxg7 18. Qh4 g5 19. Qg3 f4 20. exf4 c4+ 21. Kh1
Qe3 22. Qe1 Re8 23. Qc3+ Kh7 24. Qxc4 Be6 25. Qe4+ Qxe4 26. dxe4 g4 27. Nd4 Bd7
28. Bd3 gxh3 29. e5+ Kg7 30. gxh3 Bxh3 31. Rg1+ Kf8 32. Rg3 Bd7 33. Rag1 c5 34.
Nf5 Bc6+ 35. Kh2 Bd5 36. Nxh6 Ke7 37. Nf5+ Kd8 38. Rg7 Rh8+ 39. Kg3 Rc8 40. c4
Be6 41. Rxb7 Rg8+ 42. Kf2 Rf8 43. Rxa7 1-0

[Event "Benevoles U1800"]
[Site "Gatineau CAN"]
[Date "2014.09.09"]
[Round "1"]
[White "Jobin, Gilles G"]
[Black "Akrib, Fouad"]
[Result "0-1"]
[WhiteElo "1801"]
[BlackElo "1600"]
[PlyCount "100"]
[EventDate "2014.09.09"]
[EventType "swiss"]
[EventRounds "5"]
[EventCountry "CAN"]

1. d4 Nf6 2. Nf3 d5 3. e3 Bg4 4. c4 Nbd7 5. Nc3 e6 6. Be2 c6 7. O-O Bd6 8. b3
O-O 9. Bb2 Rc8 10. Qc2 Bb8 11. h3 Bh5 12. e4 Bxf3 13. Bxf3 e5 14. Ne2 dxe4 15.
Bxe4 Nxe4 16. Qxe4 f5 17. Qc2 e4 18. f4 Qh4 19. Qc3 Nf6 20. Qg3 Qh5 21. Rae1
Qf7 22. Qe3 a6 23. Ba3 Rfd8 24. Rd1 b5 25. Rc1 Ba7 26. Bb2 Rc7 27. Kh2 Rcd7 28.
Rfd1 Qe6 29. g3 Nh5 30. Kg2 Qg6 31. Kh2 Qh6 32. Rg1 Nf6 33. Kg2 Qh5 34. Rc2 Qf7
35. Rd1 h6 36. Qc1 Qe6 37. d5 cxd5 38. Bxf6 gxf6 39. cxd5 Rxd5 40. Rxd5 Qxd5
41. Rc8 Bb6 42. Rxd8+ Bxd8 43. Qe3 Be7 44. Qd4 Qc6 45. Kf1 Bc5 46. Qc3 Qd5 47.
Ke1 e3 48. Kf1 Qh1+ 49. Ng1 e2+ 50. Kxe2 Qxg1 0-1

[Event "Benevoles U1800"]
[Site "Gatineau CAN"]
[Date "2014.09.09"]
[Round "1"]
[White "Laurin, Marcel"]
[Black "Scantland, Patrick"]
[Result "0-1"]
[WhiteElo "1592"]
[BlackElo "1768"]
[PlyCount "62"]
[EventDate "2014.09.09"]
[EventType "swiss"]
[EventRounds "5"]
[EventCountry "CAN"]

1. d4 Nf6 2. c4 e6 3. a3 d5 4. Nc3 Be7 5. Nf3 O-O 6. Bf4 a6 7. e3 c5 8. dxc5
Bxc5 9. b4 Be7 10. Rc1 b6 11. cxd5 exd5 12. Qc2 Bb7 13. Nd4 Bd6 14. Bg3 g6 15.
Bd3 Re8 16. Bh4 Nbd7 17. Bg5 Be5 18. Nce2 Rc8 19. Qb1 Rxc1+ 20. Qxc1 Qb8 21.
Qb1 Qc7 22. h4 Bxd4 23. exd4 Qc3+ 24. Bd2 Qxd4 25. Be3 Qg4 26. Kd2 Ne5 27. h5
Rc8 28. hxg6 hxg6 29. Nf4 d4 30. f3 dxe3+ 31. Ke2 Qxf4 0-1

[Event "Benevoles U1800"]
[Site "Gatineau CAN"]
[Date "2014.09.09"]
[Round "1"]
[White "Leon, Carlos"]
[Black "Potvin, Daniel"]
[Result "1-0"]
[WhiteElo "1753"]
[BlackElo "1565"]
[PlyCount "63"]
[EventDate "2014.09.09"]
[EventType "swiss"]
[EventRounds "5"]
[EventCountry "CAN"]

1. c4 b6 2. Nc3 Bb7 3. e4 e6 4. Nge2 Nf6 5. d3 Bb4 6. a3 Be7 7. g3 O-O 8. Bg2
d6 9. O-O Nc6 10. b4 e5 11. f4 Nd4 12. h3 Nd7 13. Nd5 c6 14. Nxe7+ Qxe7 15. Bb2
c5 16. Nxd4 cxd4 17. fxe5 dxe5 18. Bc1 f5 19. exf5 Bxg2 20. Kxg2 e4 21. Bb2 Qe5
22. dxe4 Qxe4+ 23. Qf3 Qc2+ 24. Rf2 Qxc4 25. Rc1 Qb5 26. Bxd4 Ne5 27. Qb3+ Kh8
28. Rc7 Rxf5 29. Rxf5 Qe2+ 30. Kg1 Qe1+ 31. Rf1 Qe4 32. Qd3 1-0

[Event "Benevoles U1800"]
[Site "Gatineau CAN"]
[Date "2014.09.09"]
[Round "1"]
[White "Morel, Joseph"]
[Black "Arsenault, Yves"]
[Result "1-0"]
[WhiteElo "1650"]
[BlackElo "1529"]
[PlyCount "101"]
[EventDate "2014.09.09"]
[EventType "swiss"]
[EventRounds "5"]
[EventCountry "CAN"]

1. e4 c5 2. Nf3 Nc6 3. d4 cxd4 4. Nxd4 Nf6 5. Nc3 e6 6. a3 Be7 7. Bc4 O-O 8.
O-O d5 9. exd5 exd5 10. Nxc6 bxc6 11. Bd3 Bb7 12. Re1 Re8 13. Bg5 a6 14. Qf3
Qc7 15. Qh3 g6 16. Qh4 Kg7 17. Qh6+ Kg8 18. Qh4 Kg7 19. Qh6+ Kg8 20. f4 Ng4 21.
Qh4 Qb6+ 22. Kf1 Bxg5 23. Qxg4 Bh6 24. Ne2 Re3 25. Ng3 Rae8 26. Nf5 Rxe1+ 27.
Rxe1 Rxe1+ 28. Kxe1 Bg7 29. Nxg7 Kxg7 30. b4 Qe3+ 31. Kf1 Qc1+ 32. Ke2 Qxa3 33.
f5 Qc3 34. fxg6 hxg6 35. h4 Qe5+ 36. Kd2 f5 37. Qg5 Qf6 38. Qg3 Kf7 39. h5 gxh5
40. Qc7+ Qe7 41. Qxe7+ Kxe7 42. Bxf5 Kf6 43. Bh3 Ke5 44. Ke3 d4+ 45. Kd3 Kd5
46. g3 c5 47. Bg2+ Ke5 48. Bxb7 cxb4 49. Bxa6 Kd5 50. Bc4+ Ke5 51. Bf7 1-0

[Event "Benevoles U1800"]
[Site "Gatineau CAN"]
[Date "2014.09.09"]
[Round "1"]
[White "Poirier, Alexis"]
[Black "Danilov, Alex"]
[Result "0-1"]
[WhiteElo "1541"]
[BlackElo "1843"]
[PlyCount "44"]
[EventDate "2014.09.09"]
[EventType "swiss"]
[EventRounds "5"]
[EventCountry "CAN"]

1. e4 c5 2. Nf3 e6 3. d4 cxd4 4. Nxd4 Nc6 5. Be3 a6 6. Be2 Nf6 7. Nd2 Qc7 8. c3
d5 9. Qb1 Bd6 10. Qd3 Bd7 11. h3 Rc8 12. O-O Ne5 13. Qc2 Ng6 14. N4f3 O-O 15.
Rfd1 e5 16. Bg5 d4 17. Nc4 Be7 18. Qd3 Bb5 19. Bxf6 Bxf6 20. Nfd2 Nf4 21. Qf3
Nxe2+ 22. Qxe2 Bxc4 0-1

[Event "Benevoles U1800"]
[Site "Gatineau CAN"]
[Date "2014.09.09"]
[Round "1"]
[White "Raymond, Daniel"]
[Black "Laferriere, Bruno"]
[Result "1-0"]
[WhiteElo "1641"]
[BlackElo "1858"]
[PlyCount "130"]
[EventDate "2014.09.09"]
[EventType "swiss"]
[EventRounds "5"]
[EventCountry "CAN"]

1. e4 c5 2. Nf3 Nc6 3. Nc3 g6 4. d4 cxd4 5. Nxd4 Bg7 6. Be3 d6 7. Be2 Nf6 8.
O-O O-O 9. f4 Qc7 10. f5 a6 11. Qd2 Ne5 12. Bf4 b5 13. Bxe5 dxe5 14. Nb3 Rd8
15. Bd3 gxf5 16. Qg5 h6 17. Qh4 f4 18. Rad1 Bb7 19. Nd2 Rd7 20. a3 Rad8 21.
Rde1 b4 22. axb4 Qb6+ 23. Kh1 Qxb4 24. Nc4 Nh7 25. Qg4 Kh8 26. Qh5 f6 27. Qf5
Nf8 28. Ra1 Rc7 29. Ra4 Qc5 30. Ra5 Qd4 31. Ne2 Qa7 32. b3 Bc8 33. Qh5 Ne6 34.
Raa1 Nc5 35. Rfd1 Nxd3 36. Rxd3 Rxd3 37. cxd3 Bd7 38. Qf3 Bb5 39. Nc3 Qd4 40.
Rc1 e6 41. Ne2 Qd8 42. Qh3 Rd7 43. Rd1 Bxc4 44. bxc4 Qb6 45. Qf3 Qb3 46. Nc1
Qb1 47. Qe2 Bf8 48. Qa2 Rxd3 49. Rg1 Qxa2 50. Nxa2 Rd4 51. Rc1 Rxe4 52. h3 Bc5
53. Kh2 a5 54. Rc2 a4 55. h4 h5 56. Nc1 Rd4 57. Ne2 Rd8 58. Nc3 a3 59. Ne4 Bd4
60. Nxf6 Bb2 61. Ne4 a2 62. Ng5 Ra8 63. Nf7+ Kg7 64. Nxe5 a1=Q 65. Nf3 Rd8 1-0

[Event "Benevoles U1800"]
[Site "Gatineau CAN"]
[Date "2014.09.30"]
[Round "4"]
[White "Danilov, Alex"]
[Black "Akrib, Fouad"]
[Result "0-1"]
[WhiteElo "1843"]
[BlackElo "1600"]
[PlyCount "96"]
[EventDate "2014.09.09"]
[EventType "swiss"]
[EventRounds "5"]
[EventCountry "CAN"]

1. c4 Nf6 2. g3 g6 3. Bg2 Bg7 4. Nc3 O-O 5. Nf3 d6 6. d3 c6 7. O-O e5 8. c5 Re8
9. cxd6 Qxd6 10. Qb3 Na6 11. Ng5 Qe7 12. Qc4 h6 13. Nge4 Nxe4 14. Nxe4 Be6 15.
Qc2 f5 16. Nc3 Nb4 17. Qd1 g5 18. a3 Nd5 19. Nxd5 cxd5 20. Bd2 a5 21. Rc1 Qd7
22. b4 a4 23. e4 f4 24. gxf4 gxf4 25. d4 dxe4 26. Bxe4 Qxd4 27. Bxb7 Rad8 28.
Bc3 Qa7 29. Qf3 Kh8 30. Be4 Qf7 31. Kh1 h5 32. Qg2 Rg8 33. Qg6 Qxg6 34. Bxg6
Bh3 35. Rfe1 Bf6 36. Rg1 f3 37. Rg3 Bg2+ 38. Kg1 h4 39. Rxg2 fxg2 40. Bc2 Ra8
41. h3 Rgc8 42. Be4 Ra7 43. Bxg2 Rac7 44. b5 Rxc3 45. Rxc3 Rxc3 46. b6 Rxa3 47.
b7 Rb3 48. Bd5 Rb2 0-1

[Event "British Columbia op"]
[Site "Richmond CAN"]
[Date "2014.02.08"]
[Round "1.1"]
[White "Monkhouse, Neale"]
[Black "Sohal, Tanraj"]
[Result "0-1"]
[WhiteElo "1891"]
[BlackElo "2346"]
[PlyCount "74"]
[EventDate "2014.02.08"]
[EventType "swiss"]
[EventRounds "6"]
[EventCountry "CAN"]

1. e4 c5 2. Nc3 Nc6 3. g3 g6 4. Bg2 Bg7 5. d3 Rb8 6. Be3 b5 7. Rb1 Qa5 8. Qd2
b4 9. Nd5 Qxa2 10. Qc1 e6 11. Nf4 Qa5 12. Nge2 Nge7 13. O-O O-O 14. Nh3 Nd4 15.
Nxd4 cxd4 16. Bf4 e5 17. Bh6 d6 18. Bd2 Qc5 19. Ra1 a6 20. f3 Qb6 21. Nf2 Bb7
22. Qe1 a5 23. Qe2 Rbc8 24. Rfc1 Rc5 25. c4 dxc3 26. bxc3 d5 27. cxb4 Rxc1+ 28.
Rxc1 axb4 29. Rb1 Nc6 30. Qe1 b3 31. Kh1 Nd4 32. Be3 dxe4 33. dxe4 Ba6 34. Qc3
Rc8 35. Bxd4 exd4 36. Qe1 d3 37. Bf1 Bc3 0-1

[Event "British Columbia op"]
[Site "Richmond CAN"]
[Date "2014.02.08"]
[Round "1.2"]
[White "Villavieja, Butch"]
[Black "Lin, Alex"]
[Result "1-0"]
[WhiteElo "2227"]
[BlackElo "1872"]
[PlyCount "75"]
[EventDate "2014.02.08"]
[EventType "swiss"]
[EventRounds "6"]
[EventCountry "CAN"]

1. e4 e5 2. Nf3 Nc6 3. d4 exd4 4. Nxd4 Nf6 5. Nxc6 bxc6 6. e5 Qe7 7. Qe2 Nd5 8.
c4 Ba6 9. g3 g6 10. b3 Bg7 11. Bb2 O-O 12. Bg2 Rfe8 13. O-O Nb6 14. Re1 Bb7 15.
a4 a5 16. Nd2 d6 17. f4 Nd7 18. Nf3 c5 19. Qd2 Rad8 20. exd6 Qxd6 21. Rxe8+
Rxe8 22. Qxd6 cxd6 23. Bxg7 Kxg7 24. Re1 Rxe1+ 25. Nxe1 Bxg2 26. Kxg2 f5 27.
Nd3 Nf6 28. Nf2 Kf7 29. Kf3 Ke6 30. h3 d5 31. g4 Ne4 32. cxd5+ Kxd5 33. Nxe4
fxe4+ 34. Ke3 h5 35. gxh5 gxh5 36. h4 Ke6 37. Kxe4 Kf6 38. f5 1-0

[Event "British Columbia op"]
[Site "Richmond CAN"]
[Date "2014.02.08"]
[Round "1.3"]
[White "Su, Michael"]
[Black "Wu, Howard"]
[Result "0-1"]
[WhiteElo "1860"]
[BlackElo "2224"]
[PlyCount "100"]
[EventDate "2014.02.08"]
[EventType "swiss"]
[EventRounds "6"]
[EventCountry "CAN"]

1. d4 Nf6 2. c4 c5 3. d5 b5 4. cxb5 a6 5. bxa6 Bxa6 6. Nf3 g6 7. g3 Bg7 8. Bg2
d6 9. O-O O-O 10. Nc3 Nbd7 11. Bd2 Ng4 12. Qc2 Nge5 13. Rab1 Nxf3+ 14. Bxf3 Ne5
15. Bg2 Qa5 16. b3 Bc8 17. h3 Bf5 18. e4 Bc8 19. f4 Nd7 20. a4 Ba6 21. Rfe1
Rab8 22. Bf1 Bxf1 23. Rxf1 c4 24. b4 Rxb4 25. Na2 Qa7+ 26. Kh1 Rxa4 27. Nb4 Ra8
28. Qxc4 Nc5 29. Qe2 Qd7 30. g4 Ra3 31. Rf3 Ra1 32. Rxa1 Rxa1+ 33. Kg2 Qa4 34.
e5 Qd1 35. Qxd1 Rxd1 36. Bc3 Ne4 37. exd6 exd6 38. Bxg7 Rd2+ 39. Kg1 Kxg7 40.
Rd3 Rb2 41. Nc6 Rf2 42. Rd4 Rxf4 43. Kg2 g5 44. Ne7 Kf6 45. Nf5 Ke5 46. Rd3
Rf2+ 47. Kg1 Rd2 48. Rxd2 Nxd2 49. Ne7 Ne4 50. Kg2 Nc3 0-1

[Event "British Columbia op"]
[Site "Richmond CAN"]
[Date "2014.02.08"]
[Round "1.4"]
[White "Chan, James"]
[Black "Landingin, Primero"]
[Result "1-0"]
[WhiteElo "2119"]
[BlackElo "1905"]
[PlyCount "131"]
[EventDate "2014.02.08"]
[EventType "swiss"]
[EventRounds "6"]
[EventCountry "CAN"]

1. e4 c5 2. Nf3 d6 3. d4 cxd4 4. Nxd4 Nf6 5. Nc3 e5 6. Bb5+ Bd7 7. Bxd7+ Qxd7
8. Nf3 Be7 9. O-O O-O 10. Bg5 Nc6 11. Bxf6 Bxf6 12. Nd5 Kh8 13. Qd3 Rad8 14. h3
Ne7 15. Rad1 Nxd5 16. Qxd5 g5 17. g4 h5 18. Nh2 Kg7 19. Kg2 Rh8 20. f3 Be7 21.
Rf2 Qe6 22. Nf1 Qxd5 23. Rxd5 Kf6 24. Ne3 Ke6 25. Nf5 h4 26. Rfd2 Rd7 27. Ng7+
Kf6 28. Nf5 Ke6 29. Kf2 Rc8 30. Ke2 f6 31. Kd1 Rc6 32. Ne3 Bd8 33. R5d3 Ba5 34.
c3 b5 35. Nd5 Rb7 36. a3 Bc7 37. Rc2 a5 38. Kc1 Bb8 39. Kb1 Ba7 40. Rd1 Rb8 41.
Rdd2 Rbc8 42. Rd1 Rb8 43. Kc1 Rbc8 44. Kd2 Rb8 45. Kd3 Rbc8 46. Rdc1 Rb8 47.
Ra1 Rbc8 48. Rb1 Rb8 49. b3 Rbc8 50. Rbc1 Rb8 51. b4 Rc4 52. bxa5 Ra4 53. Rb1
Rxa5 54. Rcb2 Bc5 55. Rxb5 Rbxb5 56. Rxb5 Rxa3 57. Rb7 Ra7 58. Rxa7 Bxa7 59.
Kc4 Bc5 60. Kb5 Bf2 61. Kc6 Bc5 62. Kc7 Ba3 63. Kd8 Kf7 64. Kd7 Bc5 65. c4 Ba3
66. Nc3 1-0